000
00284nam a2200109Ia 4500
008
200302s9999 xx 000 0 und d
100
_a
Henri Stierlin
245
_a
Islam Early Architecture from Baghdad to Cordoba
260
_b
Taschen Verlog Gmbh
260
_c
2002
300
_a
240 P.,
999
_c
2414
_d
2414